[Event "Bundesliga 2012-13"]
[Site "Hamburg GER"]
[Date "2012.10.20"]
[Round "1"]
[Board "6"]
[White "Heinemann, Thies"]
[Black "Nisipeanu, Liviu-Dieter"]
[Result "0-1"]
[WhiteTitle "IM"]
[BlackTitle "GM"]
[WhiteElo "2479"]
[BlackElo "2661"]
[WhiteTeam "Hamburger SK"]
[BlackTeam "OSC Baden-Baden"]
[WhiteFideId "4601556"]
[BlackFideId "1202758"]
[EventDate "2012.10.20"]
[EventType "team"]

1. e4 c6 2. d4 d5 3. exd5 cxd5 4. Bd3 Nc6 5. c3 Qc7 6. Ne2 Bg4 7. Qa4 Bxe2 8.
Bxe2 e6 9. Bg5 Be7 10. Bxe7 Nxe7 11. Nd2 O-O 12. Qd1 e5 13. dxe5 d4 14. O-O dxc3
15. bxc3 Qxe5 16. Rc1 Rad8 17. Qe1 Rfe8 18. Nf3 Qf6 19. Rc2 Nd5 20. Qa1 Nf4 21.
Bd1 Nb4 22. Rc1 Nbd3 23. Rc2 Qg6 24. g3 Nh3+ 25. Kg2 Ndf4+ 26. Kh1 Qd3 27. Nd2
Nxf2+ 28. Kg1 Nxd1 29. Qxd1 Ne2+ 30. Kg2 Nxc3 31. Qc1 Re2+ 32. Rf2 Rxf2+ 33.
Kxf2 Qxc2 34. Qxc2 Rxd2+ 35. Qxd2 Ne4+ 0-1

[Event "Bundesliga 2012-13"]
[Site "Griesheim GER"]
[Date "2012.10.20"]
[Round "1"]
[Board "2"]
[White "Farago, Ivan"]
[Black "Areshchenko, Alexander"]
[Result "1/2-1/2"]
[WhiteTitle "GM"]
[BlackTitle "GM"]
[WhiteElo "2488"]
[BlackElo "2710"]
[WhiteTeam "SV Griesheim"]
[BlackTeam "SV Werder Bremen"]
[WhiteFideId "700134"]
[BlackFideId "14109530"]
[EventDate "2012.10.20"]
[EventType "team"]

1. d4 Nf6 2. c4 g6 3. Nc3 d5 4. Bf4 Bg7 5. e3 c6 6. Bd3 O-O 7. Nf3 Be6 8. Qb3
Qb6 9. Ng5 Bf5 10. Bxf5 gxf5 11. cxd5 Qxb3 12. axb3 Nxd5 13. Nxd5 cxd5 14. Bxb8
Rfxb8 15. Kd2 Rc8 16. Rhc1 a6 17. Nf3 e6 18. Rxc8+ Rxc8 19. Rc1 Rxc1 20. Kxc1
Bf8 21. Ne5 Bd6 22. Nd3 Kf8 23. f4 a5 24. Kc2 Bb4 25. Nxb4 1/2-1/2

[Event "Bundesliga 2012-13"]
[Site "Griesheim GER"]
[Date "2012.10.20"]
[Round "1"]
[Board "3"]
[White "Nyback, Tomi"]
[Black "Murdzia, Piotr"]
[Result "1-0"]
[WhiteTitle "GM"]
[BlackTitle "IM"]
[WhiteElo "2598"]
[BlackElo "2471"]
[WhiteTeam "SV Werder Bremen"]
[BlackTeam "SV Griesheim"]
[WhiteFideId "503142"]
[BlackFideId "1105671"]
[EventDate "2012.10.20"]
[EventType "team"]

1. c4 Nf6 2. d4 c6 3. Qb3 d5 4. Nf3 e6 5. g3 Nbd7 6. Bg2 Be7 7. O-O O-O 8. Nc3
b6 9. cxd5 cxd5 10. Bf4 Bb7 11. Rac1 Nh5 12. Be5 f6 13. Bf4 Rc8 14. Bd2 f5 15.
Ne5 Nxe5 16. dxe5 Qd7 17. Nb5 Rc4 18. Nxa7 Ra8 19. Nb5 Bc6 20. Na3 Bxa3 21. bxa3
b5 22. Bb4 g6 23. Rfd1 Rc8 24. Qe3 Ng7 25. Qg5 Ne8 26. Qh6 Qg7 27. Qxg7+ Kxg7
28. e3 Bd7 29. Ra1 Kf7 30. Bf1 Re4 31. Rac1 Rxc1 32. Rxc1 Rxe5 33. Rc5 Re4 34.
Bd3 g5 35. Bxe4 fxe4 36. Bc3 h5 37. Be5 Kg6 38. h3 Kf5 39. Bb8 Kg6 40. Kf1 Kf7
41. Be5 Kg6 42. Ke2 Kf5 43. Bb8 Nf6 44. Bd6 Ne8 45. Be7 g4 46. hxg4+ hxg4 47.
Bd8 Nd6 48. Rc7 Be8 49. Rg7 e5 50. Rg5+ Ke6 51. Ke1 d4 52. exd4 Nf7 53. Rg8 Bd7
54. Bb6 Kd5 55. Rg7 Be6 56. dxe5 Kxe5 57. Kd2 Nd6 58. Kc3 Kf5 59. Be3 Kf6 60.
Bd4+ Kf5 61. Kb4 Bxa2 62. Bc5 e3 63. Bxe3 Bc4 64. Rg5+ 1-0

[Event "Bundesliga 2012-13"]
[Site "Griesheim GER"]
[Date "2012.10.20"]
[Round "1"]
[Board "5"]
[White "Babula, Vlastimil"]
[Black "Krysztofiak, Marcin"]
[Result "1-0"]
[WhiteTitle "GM"]
[BlackTitle "IM"]
[WhiteElo "2585"]
[BlackElo "2447"]
[WhiteTeam "SV Werder Bremen"]
[BlackTeam "SV Griesheim"]
[WhiteFideId "301264"]
[BlackFideId "1114751"]
[EventDate "2012.10.20"]
[EventType "team"]

1. c4 Nf6 2. d4 b6 3. Nf3 e6 4. Nc3 Bb7 5. a3 d5 6. cxd5 Nxd5 7. Bd2 Nd7 8. Qc2
c5 9. Nxd5 exd5 10. g3 Be7 11. Bg2 O-O 12. O-O c4 13. Ne5 b5 14. Rfd1 a5 15. a4
b4 16. e4 Nb6 17. exd5 Bxd5 18. Nc6 Bxc6 19. Bxc6 Rc8 20. Qe4 Bd6 21. Be3 Qc7
22. d5 Nd7 23. Qxc4 Ne5 24. Qb5 Nxc6 25. dxc6 Qxc6 26. Qxa5 Ra8 27. Qd5 Qxd5 28.
Rxd5 Be7 29. Bc5 Bxc5 30. Rxc5 Rfd8 31. Rb5 Rd4 32. b3 Kf8 33. Rc1 Rad8 1-0

[Event "Bundesliga 2012-13"]
[Site "Griesheim GER"]
[Date "2012.10.20"]
[Round "1"]
[Board "6"]
[White "Horvath, Peter"]
[Black "Fish, Gennadij"]
[Result "1/2-1/2"]
[WhiteTitle "GM"]
[BlackTitle "GM"]
[WhiteElo "2434"]
[BlackElo "2475"]
[WhiteTeam "SV Griesheim"]
[BlackTeam "SV Werder Bremen"]
[WhiteFideId "700843"]
[BlackFideId "14102803"]
[EventDate "2012.10.20"]
[EventType "team"]

1. c4 Nf6 2. d4 e6 3. Nc3 Bb4 4. Bg5 h6 5. Bh4 c5 6. d5 d6 7. e3 Bxc3+ 8. bxc3
Qe7 9. Nf3 Nbd7 10. Nd2 e5 11. Qc2 g5 12. Bg3 Nh5 13. Bd3 Ndf6 14. h3 Nxg3 15.
fxg3 Nh5 16. g4 Ng3 17. Rg1 h5 18. Kf2 e4 19. Bxe4 Qe5 20. gxh5 Bd7 21. Bd3 g4
22. hxg4 Bxg4 23. Nf3 Qxh5 24. Kxg3 Bxf3 25. Bf5 Rg8+ 26. Kf2 Bg4 27. Qe4+ Kf8
28. Bxg4 Qxg4 29. Qf4 Rg6 30. Qxg4 Rxg4 31. Rgb1 b6 32. a4 Rxc4 33. a5 Rb8 34.
axb6 axb6 35. Rb3 Ke7 36. Ra7+ Kf6 37. Ke2 b5 38. Rd7 Ke5 39. Rxf7 Kxd5 40. Rf5+
Kc6 41. Kf3 Rh4 42. Rb1 Rc4 43. Rb3 Rh4 44. Rb1 Rc4 1/2-1/2

[Event "Bundesliga 2012-13"]
[Site "Griesheim GER"]
[Date "2012.10.20"]
[Round "1"]
[Board "8"]
[White "Janoszka, Arnd"]
[Black "Buchal, Stephan"]
[Result "1/2-1/2"]
[WhiteTitle "FM"]
[BlackTitle "FM"]
[WhiteElo "2349"]
[BlackElo "2300"]
[WhiteTeam "SV Griesheim"]
[BlackTeam "SV Werder Bremen"]
[WhiteFideId "4619013"]
[BlackFideId "4603915"]
[EventDate "2012.10.20"]
[EventType "team"]

1. c4 g6 2. g3 Bg7 3. Bg2 d6 4. Nc3 e5 5. d3 Nc6 6. e3 Be6 7. Nge2 h5 8. Rb1 h4
9. b4 Qd7 10. b5 Nd8 11. e4 Bh3 12. Bxh3 Qxh3 13. Ng1 Qg2 14. Qf3 Qxf3 15. Nxf3
hxg3 16. fxg3 Ne6 17. Be3 Bh6 18. Bf2 Nf6 19. h3 Nd7 20. Ke2 O-O 21. Ra1 a6 22.
Rab1 1/2-1/2

[Event "Bundesliga 2012-13"]
[Site "Griesheim GER"]
[Date "2012.10.20"]
[Round "1"]
[Board "2"]
[White "Khenkin, Igor"]
[Black "Swiercz, Dariusz"]
[Result "1/2-1/2"]
[WhiteTitle "GM"]
[BlackTitle "GM"]
[WhiteElo "2655"]
[BlackElo "2609"]
[WhiteTeam "Wiesbadener SV"]
[BlackTeam "SK Turm Emsdetten"]
[WhiteFideId "4659600"]
[BlackFideId "1126881"]
[EventDate "2012.10.20"]
[EventType "team"]

1. d4 Nf6 2. c4 d5 3. Nf3 e6 4. e3 b6 5. cxd5 exd5 6. Nc3 Bd6 7. Bd3 O-O 8. O-O
Bb7 9. b3 a6 10. Bb2 Nbd7 11. Bf5 Re8 12. Rc1 Qe7 13. Qc2 Nf8 14. Rfd1 g6 15.
Bh3 Ne6 16. g3 Rad8 17. Bg2 Qf8 18. Ne2 Ne4 19. Ne5 Qe7 20. Nc6 Bxc6 21. Qxc6
N6g5 22. Nc3 1/2-1/2

[Event "Bundesliga 2012-13"]
[Site "Griesheim GER"]
[Date "2012.10.20"]
[Round "1"]
[Board "4"]
[White "Mista, Aleksander"]
[Black "Pruijssers, Roeland"]
[Result "1-0"]
[WhiteTitle "GM"]
[BlackTitle "GM"]
[WhiteElo "2543"]
[BlackElo "2519"]
[WhiteTeam "Wiesbadener SV"]
[BlackTeam "SK Turm Emsdetten"]
[WhiteFideId "1110381"]
[BlackFideId "1013068"]
[EventDate "2012.10.20"]
[EventType "team"]

1. e4 Nc6 2. Bb5 e5 3. Nc3 f5 4. Nf3 fxe4 5. Nxe4 Nf6 6. Nxf6+ Qxf6 7. Qe2 Be7
8. Bxc6 bxc6 9. d4 Qg6 10. Bd2 d6 11. dxe5 O-O 12. O-O-O Qxg2 13. exd6 Bxd6 14.
Ng5 Qd5 15. Kb1 Bf5 16. Rhe1 Qb5 17. Qe3 Rab8 18. Bc3 Qa4 19. Rxd6 Bxc2+ 20. Kc1
Bf5 21. Rd2 Qxa2 22. Ne4 Qa1+ 23. Kc2 Qa4+ 24. Kb1 Be6 25. Rd4 Qa2+ 26. Kc1 Bd5
27. f3 Rf7 28. Ng5 Rf5 29. Rf4 Qa1+ 30. Kc2 Bb3+ 31. Kd2 Rd8+ 32. Rd4 Rxd4+ 33.
Qxd4 1-0

[Event "Bundesliga 2012-13"]
[Site "Griesheim GER"]
[Date "2012.10.20"]
[Round "1"]
[Board "6"]
[White "Bulski, Krzysztof"]
[Black "Janssen, Ruud"]
[Result "1-0"]
[WhiteTitle "GM"]
[BlackTitle "GM"]
[WhiteElo "2547"]
[BlackElo "2483"]
[WhiteTeam "Wiesbadener SV"]
[BlackTeam "SK Turm Emsdetten"]
[WhiteFideId "1121499"]
[BlackFideId "1004816"]
[EventDate "2012.10.20"]
[EventType "team"]

1. c4 Nf6 2. d4 e6 3. g3 Bb4+ 4. Nd2 Nc6 5. Nf3 d5 6. Bg2 dxc4 7. O-O c3 8. Nc4
cxb2 9. Bxb2 O-O 10. Qc2 a5 11. Rad1 Ra6 12. Ng5 g6 13. e4 Nd7 14. h4 Be7 15. d5
exd5 16. exd5 Nb4 17. Qd2 b5 18. Ne3 Nc5 19. Qe2 Nxa2 20. d6 Bxd6 21. Nd5 f6 22.
Nxf6+ Rxf6 23. Bd5+ Kg7 24. Bxa2 b4 25. Rfe1 b3 26. Bxb3 Nxb3 27. Ne4 Qf8 28.
Nxf6 Qf7 29. Ng4+ Kf8 30. Nh6 1-0

[Event "Bundesliga 2012-13"]
[Site "Hamburg GER"]
[Date "2012.10.21"]
[Round "2"]
[Board "7"]
[White "Polischuk, Viktor"]
[Black "Gustafsson, Jan"]
[Result "0-1"]
[WhiteTitle "FM"]
[BlackTitle "GM"]
[WhiteElo "2312"]
[BlackElo "2622"]
[WhiteTeam "SK Norderstedt"]
[BlackTeam "OSC Baden-Baden"]
[WhiteFideId "4657489"]
[BlackFideId "4625498"]
[EventDate "2012.10.20"]
[EventType "team"]

1. e4 c5 2. Nf3 d6 3. c3 Nf6 4. Be2 Bg4 5. Qb3 Qc8 6. e5 dxe5 7. Nxe5 Be6 8.
Qb5+ Nbd7 9. Bf3 Bd5 10. Bxd5 Nxd5 11. d4 Nf6 12. Nxd7 Nxd7 13. dxc5 a6 14. Qa4
Qxc5 15. O-O e6 16. Nd2 Be7 17. Ne4 Qc7 18. Rd1 Rd8 19. Bg5 Bxg5 20. Nxg5 O-O
21. Qc2 Nf6 22. Rxd8 Rxd8 23. Rd1 Rxd1+ 24. Qxd1 Qb6 25. Nf3 Kf8 26. Qd2 Ke7 27.
h3 Ne4 28. Qe2 f5 29. Nd4 g6 30. f3 Nf6 31. Kf1 Qd6 32. Ke1 Nd5 33. Qd2 Qh2 34.
Qg5+ Kf7 35. Kf1 Qh1+ 36. Kf2 Qb1 37. Qd2 Qxa2 38. g3 e5 39. Ne2 Qc4 40. Kg2 Ke6
41. Nc1 f4 42. Nd3 g5 43. gxf4 Qxd3 0-1

[Event "Bundesliga 2012-13"]
[Site "Griesheim GER"]
[Date "2012.10.21"]
[Round "2"]
[Board "4"]
[White "Hracek, Zbynek"]
[Black "Mista, Aleksander"]
[Result "1-0"]
[WhiteTitle "GM"]
[BlackTitle "GM"]
[WhiteElo "2612"]
[BlackElo "2543"]
[WhiteTeam "SV Werder Bremen"]
[BlackTeam "Wiesbadener SV"]
[WhiteFideId "300071"]
[BlackFideId "1110381"]
[EventDate "2012.10.20"]
[EventType "team"]

1. e4 c5 2. Nf3 Nc6 3. Bb5 d6 4. O-O Bd7 5. Re1 a6 6. Bxc6 Bxc6 7. d4 cxd4 8.
Nxd4 Rc8 9. c4 Nf6 10. Nc3 g6 11. a4 Bg7 12. b3 O-O 13. Bb2 Nd7 14. Rb1 Nc5 15.
Nxc6 Rxc6 16. Qc2 e6 17. Ne2 Bxb2 18. Rxb2 Qf6 19. Rbb1 Nd7 20. Qd2 Rd8 21. Nd4
Rcc8 22. Qe3 Ne5 23. Rbd1 Nc6 24. h3 Qe5 25. Nf3 Qc5 26. Qh6 f6 27. Re3 Rc7 28.
Red3 Rcd7 29. Nd4 Nxd4 30. Rxd4 Qg5 31. Qxg5 fxg5 32. f3 e5 33. Rd5 Kf7 34. Kf2
Ke6 35. Ke3 Rc8 36. a5 Rc6 37. R1d3 Ke7 38. Kd2 Rdc7 39. Kc3 Ke6 40. Kd2 Ke7 41.
Kc3 Ke6 42. Kc2 Ke7 43. Rc3 Ke6 44. Kd3 Rf7 45. b4 Rd7 46. Kc2 Rcc7 47. Kb3 Rc6
48. Rcd3 Rdc7 49. b5 Rd7 50. Kb4 axb5 51. Kxb5 Rc8 52. a6 Ra8 53. a7 1-0

[Event "Bundesliga 2012-13"]
[Site "Griesheim GER"]
[Date "2012.10.21"]
[Round "2"]
[Board "8"]
[White "Buchal, Stephan"]
[Black "Carlstedt, Jonathan"]
[Result "0-1"]
[WhiteTitle "FM"]
[BlackTitle "IM"]
[WhiteElo "2300"]
[BlackElo "2383"]
[WhiteTeam "SV Werder Bremen"]
[BlackTeam "Wiesbadener SV"]
[WhiteFideId "4603915"]
[BlackFideId "24614386"]
[EventDate "2012.10.20"]
[EventType "team"]

1. g3 g6 2. Bg2 Bg7 3. e4 d6 4. Nc3 Nc6 5. d3 Nf6 6. f4 e5 7. Nf3 Be6 8. O-O Qd7
9. Nh4 exf4 10. Bxf4 h6 11. Nf3 g5 12. Bd2 O-O-O 13. Rb1 Ng4 14. Nd5 f5 15. b4
fxe4 16. dxe4 Nd4 17. c3 Nxf3+ 18. Qxf3 Ne5 19. Qe2 Kb8 20. b5 Bg4 21. Qe3 Rhf8
22. a4 Rde8 23. Nb4 Ka8 24. Nd5 Be6 25. Rxf8 Rxf8 26. Rf1 Rxf1+ 27. Bxf1 Qf7 28.
Be2 c6 29. bxc6 bxc6 30. Nb4 Bc4 31. Kg2 Bxe2 32. Qxe2 Qc4 33. Qxc4 Nxc4 34. Be1
Kb7 35. g4 Nb2 36. a5 a6 37. Bg3 Nc4 38. Na2 Kc7 39. h4 Nxa5 40. Kf3 Nc4 41.
hxg5 hxg5 42. Ke2 Kb6 43. Kd3 Kb5 44. Nb4 Be5 45. Bf2 Nb2+ 46. Kc2 Na4 47. Nd3
Bf6 48. Bd4 Bxd4 49. cxd4 c5 50. e5 c4 51. Nf2 dxe5 52. dxe5 Nc5 53. Nd1 Ne4 54.
Ne3 Kc5 55. e6 Kd6 56. Nxc4+ Kxe6 57. Kb3 Nf6 58. Nd2 Ke5 59. Kc4 Kf4 60. Kc5
Ne4+ 61. Kd4 0-1

[Event "Bundesliga 2012-13"]
[Site "Griesheim GER"]
[Date "2012.10.21"]
[Round "2"]
[Board "3"]
[White "Murdzia, Piotr"]
[Black "Ipatov, Alexander"]
[Result "0-1"]
[WhiteTitle "IM"]
[BlackTitle "GM"]
[WhiteElo "2471"]
[BlackElo "2591"]
[WhiteTeam "SV Griesheim"]
[BlackTeam "SK Turm Emsdetten"]
[WhiteFideId "1105671"]
[BlackFideId "14116731"]
[EventDate "2012.10.20"]
[EventType "team"]

1. d4 Nf6 2. c4 e6 3. Nf3 b6 4. Nc3 Bb7 5. Bg5 Be7 6. e3 h6 7. Bh4 O-O 8. Bd3 c5
9. dxc5 bxc5 10. O-O d6 11. Rc1 Nbd7 12. Bb1 a6 13. Qd3 Qb6 14. b3 Rfd8 15. Rfd1
Bc6 16. Qe2 Qb7 17. Bg3 Nf8 18. h3 N8h7 19. Rd2 Ng5 20. Nxg5 hxg5 21. f3 d5 22.
cxd5 exd5 23. e4 d4 24. Na4 Nh5 25. Bh2 Bxa4 26. bxa4 c4 27. Qxc4 g4 28. hxg4
Bg5 29. Qd3 Be3+ 30. Kh1 Nf4 31. Bxf4 Bxf4 32. e5 g6 33. Rcd1 Kg7 34. g3 Bxd2
35. Rxd2 Rac8 36. Kg2 Rc1 37. Bc2 Re1 38. Qb3 Qa7 39. Bd3 Rxe5 40. Be4 a5 41.
Rb2 Qe7 42. Qd3 Rc5 43. Rb7 Rc7 44. Rb5 Rc3 45. Qd2 Qa3 46. Bxg6 Qc1 47. Qxc1
Rxc1 48. Bd3 Rd1 0-1

[Event "Bundesliga 2012-13"]
[Site "Griesheim GER"]
[Date "2012.10.21"]
[Round "2"]
[Board "7"]
[White "Grabarczyk, Miroslaw"]
[Black "Burg, Twan"]
[Result "1/2-1/2"]
[WhiteTitle "GM"]
[BlackTitle "IM"]
[WhiteElo "2450"]
[BlackElo "2502"]
[WhiteTeam "SV Griesheim"]
[BlackTeam "SK Turm Emsdetten"]
[WhiteFideId "1101684"]
[BlackFideId "1010697"]
[EventDate "2012.10.20"]
[EventType "team"]

1. d4 d5 2. c4 c6 3. Nf3 Nf6 4. e3 Bg4 5. Qb3 Qb6 6. cxd5 Bxf3 7. gxf3 cxd5 8.
Qxb6 axb6 9. Nc3 Kd8 10. e4 Nc6 11. Bg5 Nxd4 12. O-O-O Nxf3 13. Bxf6 gxf6 14.
Nxd5 Bh6+ 15. Kb1 Ra7 16. Bg2 Nh4 17. Nxf6+ Kc7 18. Nd5+ Kb8 19. Bh3 Nf3 20.
Nxe7 Nd2+ 21. Ka1 Nb3+ 22. Kb1 Nd2+ 23. Ka1 Nb3+ 24. Kb1 1/2-1/2

[Event "Bundesliga 2012-13"]
[Site "Bremen GER"]
[Date "2012.11.10"]
[Round "3"]
[Board "8"]
[White "Asendorf, Joachim"]
[Black "Schlosser, Philipp"]
[Result "0-1"]
[WhiteTitle "FM"]
[BlackTitle "GM"]
[WhiteElo "2356"]
[BlackElo "2579"]
[WhiteTeam "SV Werder Bremen"]
[BlackTeam "OSC Baden-Baden"]
[WhiteFideId "4639260"]
[BlackFideId "4600169"]
[EventDate "2012.10.20"]
[EventType "team"]

1. c4 Nf6 2. g3 e5 3. Bg2 h6 4. a3 c6 5. d4 exd4 6. Qxd4 d5 7. Nf3 Be7 8. cxd5
cxd5 9. O-O O-O 10. Rd1 Bf5 11. Be3 Bc2 12. Rc1 Nc6 13. Qd2 Be4 14. Nd4 Ne5 15.
f3 Bg6 16. b3 Qd7 17. Nc3 Rfe8 18. Bf2 Rac8 19. Qb2 Bc5 20. Rd1 Nc6 21. Qd2 Qe7
22. Bh3 Bxa3 23. Bxc8 Rxc8 24. Ncb5 Bb4 25. Qe3 Qd7 26. Nxc6 bxc6 27. Rxa7 Qh3
28. Nd4 c5 29. Nb5 Ng4 30. fxg4 Be4 31. Qxe4 dxe4 32. Rdd7 Qxg4 33. Rxf7 Rf8 34.
Rxg7+ Qxg7 35. Rxg7+ Kxg7 36. Nd6 c4 37. Bd4+ Kg6 38. Nxc4 h5 39. Kg2 Kf5 40. h3
Ke6 41. Be3 Be1 42. Bc5 Rb8 43. Bb6 Rb7 44. Bf2 Bxf2 45. Kxf2 Rxb3 46. Ne3 Ke5
47. Ng2 Kf5 48. Nh4+ Kg5 49. Ng2 Rb1 50. Nh4 Ra1 51. Kg2 Kf6 52. Kf2 Ke5 53. Ke3
Ra6 0-1

[Event "Bundesliga 2012-13"]
[Site "Eppingen GER"]
[Date "2012.11.10"]
[Round "3"]
[Board "8"]
[White "Rau, Hannes"]
[Black "Miller, Eduard"]
[Result "1-0"]
[WhiteTitle "IM"]
[WhiteElo "2438"]
[BlackElo "2151"]
[WhiteTeam "SV 1930 Hockenheim"]
[BlackTeam "SC Forchheim"]
[WhiteFideId "4657594"]
[BlackFideId "24687022"]
[EventDate "2012.10.20"]
[EventType "team"]

1. d4 Nf6 2. c4 e6 3. Nc3 Bb4 4. e3 O-O 5. Ne2 d5 6. a3 Be7 7. cxd5 exd5 8. g3
c6 9. Bg2 Bf5 10. O-O Qd7 11. Nf4 Bd6 12. Nce2 a5 13. f3 h6 14. g4 Bh7 15. h4
Qe7 16. Qe1 Nfd7 17. Bh3 Nb6 18. Nc3 Re8 19. Qf2 Bxf4 20. exf4 N8d7 21. f5 Qd6
22. Ne2 c5 23. Bf4 Qc6 24. Rac1 c4 25. g5 Na4 26. Ng3 b5 27. Kh1 b4 28. Rg1 hxg5
29. hxg5 bxa3 30. bxa3 Ra6 31. Nh5 Rb6 32. Rce1 Rxe1 33. Qxe1 c3 34. g6 1-0

[Event "Bundesliga 2012-13"]
[Site "Bremen GER"]
[Date "2012.11.11"]
[Round "4"]
[Board "1"]
[White "Spoelman, Wouter"]
[Black "Adams, Michael"]
[Result "1/2-1/2"]
[WhiteTitle "GM"]
[BlackTitle "GM"]
[WhiteElo "2541"]
[BlackElo "2720"]
[WhiteTeam "SK Turm Emsdetten"]
[BlackTeam "OSC Baden-Baden"]
[WhiteFideId "1010891"]
[BlackFideId "400041"]
[EventDate "2012.10.20"]
[EventType "team"]

1. d4 Nf6 2. c4 e6 3. Nc3 Bb4 4. e3 O-O 5. Ne2 c6 6. a3 Ba5 7. Bd2 d5 8. Ng3
Nbd7 9. cxd5 exd5 10. Bd3 Re8 11. O-O Nf8 12. b4 Bc7 13. b5 Ng6 14. bxc6 bxc6
15. f3 h5 16. Qc2 h4 17. Nf5 h3 18. g3 Nf8 19. Kh1 Rb8 20. Ne2 Ba5 21. Bc1 1/2-1/2

[Event "Bundesliga 2012-13"]
[Site "Bremen GER"]
[Date "2012.11.11"]
[Round "4"]
[Board "7"]
[White "Fish, Gennadij"]
[Black "Gordon, Stephen J"]
[Result "1/2-1/2"]
[WhiteTitle "GM"]
[BlackTitle "GM"]
[WhiteElo "2475"]
[BlackElo "2556"]
[WhiteTeam "SV Werder Bremen"]
[BlackTeam "SG Trier"]
[WhiteFideId "14102803"]
[BlackFideId "411477"]
[EventDate "2012.10.20"]
[EventType "team"]

1. d4 Nf6 2. c4 e6 3. Nc3 Bb4 4. e3 O-O 5. Bd3 d5 6. Ne2 c5 7. a3 cxd4 8. exd4
Bxc3+ 9. bxc3 dxc4 10. Bxc4 Nbd7 11. Ba2 b5 12. a4 a6 13. O-O Bb7 14. Ba3 Re8
15. c4 bxc4 16. Bxc4 Nb6 17. Bd3 Be4 18. a5 Nbd5 19. Bc5 Qc7 20. Bc4 Nd7 21. Ng3
Nxc5 22. dxc5 Bg6 23. Bxd5 Rad8 24. Qa4 exd5 25. Qd4 Re6 26. f4 Be4 27. f5 Rc6
28. Rac1 Rc8 29. Nxe4 dxe4 30. Qxe4 Rxc5 31. Rce1 h6 32. f6 Rxa5 33. fxg7 Kxg7
34. Qd4+ Kg8 35. Qf6 Rh5 36. h4 Rf8 37. Rf4 Qc5+ 38. Kh2 Qg5 39. Qd4 Rd8 40. Qc4
Qd5 41. Rg4+ Kf8 42. Qc3 Qd6+ 43. Kh1 f6 44. Rf1 Kf7 45. Rgf4 Kg7 46. Qf3 Qe5
47. Re4 Qg5 48. g3 Kh8 49. Kh2 Qg6 50. Qxf6+ Qxf6 51. Rxf6 Ra8 52. Kh3 Kg7 53.
Ree6 a5 54. Kg4 Rb5 55. Rxh6 a4 56. Rhg6+ Kh7 57. h5 Rba5 58. Rh6+ Kg7 59. Rhg6+
Kh7 60. Rh6+ Kg7 61. Rhg6+ 1/2-1/2

[Event "Bundesliga 2012-13"]
[Site "Emsdetten GER"]
[Date "2012.12.08"]
[Round "5"]
[Board "1"]
[White "Kopylov, Michael"]
[Black "Fressinet, Laurent"]
[Result "0-1"]
[WhiteTitle "IM"]
[BlackTitle "GM"]
[WhiteElo "2473"]
[BlackElo "2702"]
[WhiteTeam "SK Norderstedt"]
[BlackTeam "SV Werder Bremen"]
[WhiteFideId "14105080"]
[BlackFideId "608742"]
[EventDate "2012.10.20"]
[EventType "team"]

1. d4 g6 2. Nf3 Bg7 3. c4 Nf6 4. g3 c5 5. d5 b5 6. cxb5 Qa5+ 7. Bd2 Qxb5 8. Nc3
Qb6 9. Na4 Qd6 10. Nxc5 O-O 11. Nd3 Ba6 12. Nb4 Nxd5 13. Nxa6 Nxa6 14. e4 Ndb4
15. Bc3 Qc6 16. e5 Nd5 17. Bxa6 Nxc3 18. Qd3 Na4 19. Bb5 Nxb2 20. Bxc6 Nxd3+ 21.
Ke2 dxc6 22. Kxd3 Rfd8+ 23. Ke4 f5+ 24. exf6 exf6 25. Rad1 Re8+ 26. Kd3 Rad8+
27. Kc4 Re4+ 28. Kc5 Rc8 29. Rd4 Bf8+ 30. Kc4 Rce8 31. Rd1 c5 32. Rxe4 Rxe4+ 33.
Kd5 Ra4 34. Rd2 Ra3 35. Ne1 Ra6 36. Nf3 Kf7 37. Rb2 Be7 38. Re2 h5 39. Rb2 g5
40. Re2 Ra3 41. Ne1 h4 42. Kc4 h3 43. Rc2 Ra4+ 44. Kb5 Rd4 45. Ka6 g4 46. Kxa7
c4 47. Kb6 Re4 48. Rc1 Ba3 49. Rd1 Re2 50. Kb5 c3 51. Ka4 Rxa2 52. Kb3 Rd2 53.
Ra1 Bd6 54. Ra6 Be5 55. f4 Bd4 56. Nc2 Bg1 57. f5 Rxh2 58. Ra4 Rxc2 0-1

[Event "Bundesliga 2012-13"]
[Site "Emsdetten GER"]
[Date "2012.12.08"]
[Round "5"]
[Board "3"]
[White "Bekker-Jensen, Simon"]
[Black "Hracek, Zbynek"]
[Result "0-1"]
[WhiteTitle "IM"]
[BlackTitle "GM"]
[WhiteElo "2402"]
[BlackElo "2612"]
[WhiteTeam "SK Norderstedt"]
[BlackTeam "SV Werder Bremen"]
[WhiteFideId "1403613"]
[BlackFideId "300071"]
[EventDate "2012.10.20"]
[EventType "team"]

1. d4 Nf6 2. c4 e6 3. Nc3 Bb4 4. e3 O-O 5. Ne2 d5 6. a3 Bd6 7. cxd5 exd5 8. g3
c6 9. Bg2 Re8 10. O-O a5 11. f3 c5 12. f4 Bg4 13. h3 Bxe2 14. Nxe2 Nc6 15. Qb3
Qd7 16. g4 cxd4 17. Nxd4 Bc5 18. Nc2 Rad8 19. Qd3 h5 20. gxh5 Nxh5 21. Bd2 Ng3
22. Rfe1 Qd6 23. b4 axb4 24. axb4 Bb6 25. b5 Ne7 26. Nd4 Ne4 27. Rad1 Ng6 28.
Re2 Ng3 29. Rf2 Nh4 30. Kh2 Ne4 31. Re2 Bxd4 32. Qxd4 Nf5 33. Qd3 Qg6 34. Be1
Neg3 35. Red2 Rxe3 36. Qc2 Rde8 37. Bf2 Ne4 38. Rxd5 Nxf2 39. Qxf2 Re2 40. Qf1
Qg3+ 41. Kh1 Re1 42. Rxf5 Rxd1 43. Qxd1 Re1+ 44. Qxe1 Qxe1+ 45. Kh2 Qf2 46. Kh1
b6 47. Bd5 g6 48. Rf6 Qe1+ 49. Kh2 Qd2+ 50. Bg2 Kg7 51. Rc6 Qxf4+ 52. Kh1 Qe3
53. Bf1 f5 0-1

[Event "Bundesliga 2012-13"]
[Site "Wattenscheid GER"]
[Date "2012.12.08"]
[Round "5"]
[Board "2"]
[White "Stellwagen, Daniel"]
[Black "Baramidze, David"]
[Result "1/2-1/2"]
[WhiteTitle "GM"]
[BlackTitle "GM"]
[WhiteElo "2622"]
[BlackElo "2615"]
[WhiteTeam "SG Solingen"]
[BlackTeam "SV 1930 Hockenheim"]
[WhiteFideId "1006673"]
[BlackFideId "4667719"]
[EventDate "2012.10.20"]
[EventType "team"]

1. d4 d5 2. c4 e6 3. Nf3 Nf6 4. g3 dxc4 5. Bg2 Nc6 6. Qa4 Bb4+ 7. Bd2 Nd5 8.
Bxb4 Nxb4 9. O-O Rb8 10. Na3 O-O 11. Qb5 b6 12. Qxc4 Ba6 13. Nb5 Qd5 14. Qxd5
Nxd5 15. a4 Na5 16. Ne5 Rbd8 17. Nxa7 Nb4 18. Rac1 Rxd4 19. Rxc7 Bxe2 20. Re1
Rd2 21. Nc8 Rfd8 22. h4 f6 23. Ne7+ Kf8 24. N5c6 Naxc6 25. Nxc6 Nxc6 26. Rxc6
Rxb2 27. Rxe6 1/2-1/2